00365nam a22001337a 450000500170000000800410001704100130005808200130007110000120008424500400009626000380013630000320017465000250020620240829081842.0240829b |||||||| |||| 00| 0 eng d aEnglish  a349 LAW  lEnglish aThe Laws of South West Africa 1924  aWindhoek: bBy Authority, c1924  bxviii, 211 pages; c25 cm.  aLegal practice bLaw